000 00864cam a22001814a 4500
005 20250605164149.0
008 250528s ||||||||||||||||||||||||d
035 _a19311
040 _aGR-AtMCL
_bgre
_dGR-AtMCL
_eAACR2
245 1 _aEuromed Intercultural Trends 2010 / The Anna Lindh Report
260 _bAnna Lindh Foundation,
_c2010
300 _a168
520 _aIncludes 2 CD-Roms. Foreword, Perspectives, The Anna Lindh Report 2010, Expert Analysis and Good Practices, General Trends in Focus, Interest Towards the Other and Interaction, Value Trends and Mutual Perceptions, Visions for the Mediterranean, Media Thematic Focus - Country Cases, Overview and Perspective, Countries in Focus, Conclusions and Proposals for Action, Appendix, Bibliography, Biographies.
700 1 _aLindh Anna
_95547
942 _cBK
999 _c4571
_d4571